Nghiên cứu chương trình – Sách giáo khoa Lịch sử bậc Trung học cơ sở (THCS) phục vụ chiến lược đổi mới căn bản toàn diện giáo dục hiện nay

Wedi'i Gadw mewn:
Manylion Llyfryddiaeth
Prif Awdur: Lưu Trang (Chủ nhiệm đề tài)
Fformat: Llyfr
Cyhoeddwyd: 2014
Tagiau: Ychwanegu Tag
Dim Tagiau, Byddwch y cyntaf i dagio'r cofnod hwn!
Thư viện lưu trữ: Mạng thư viện Đại học Đà Nẵng
LEADER 00831nam a2200229 4500
001 000023495
003 19947
005 20151215101230.0
008 151215s2014 sd
100 1 |a Lưu Trang  |e Chủ nhiệm đề tài 
245 1 0 |a Nghiên cứu chương trình – Sách giáo khoa Lịch sử bậc Trung học cơ sở (THCS) phục vụ chiến lược đổi mới căn bản toàn diện giáo dục hiện nay  |c Lưu Trang 
260 |c 2014 
500 |a Đề tài NCKH cấp Trường Đại học Sư Phạm Đà Nẵng . Mã số : T2013-03-42 
OWN |a LSP 
999 |a From the UDN01 
TYP |a Mixed Materials 
TYP |a Monograph 
TYP |a Printed language 
980 |a Mạng thư viện Đại học Đà Nẵng